Starcraft 2: Wings of Liberty Missions - Statistics

General Stats
  • This quiz has been taken 3 times
  • The average score is 16 of 29
Answer Stats
Mission % Correct
Haven's Fall
100%
Safe Haven
100%
All In
67%
Belly of the Beast
67%
Engine of Destruction
67%
Ghost of a Chance
67%
In Utter Darkness
67%
Media Blitz
67%
Outbreak
67%
Smash and Grab
67%
Supernova
67%
The Evacuation
67%
The Great Train Robbery
67%
The Moebius Factor
67%
The Outlaws
67%
Welcome to the Jungle
67%
Zero Hour
67%
A Sinister Turn
33%
Breakout
33%
Cutthroat
33%
Echoes of the Future
33%
Gates of Hell
33%
Liberation Day
33%
Maw of the Void
33%
Piercing the Shroud
33%
Shatter the Sky
33%
The Devil's Playground
33%
The Dig
33%
Whispers of Doom
33%
No matching quizzes found
Score Distribution
Percent of People with Each Score
Percentile by Number Answered
Your Score History
You have not taken this quiz